[Event "COL-ch Superate Intercol U18"]
[Site "Barranquilla"]
[Date "2018.11.28"]
[Round "6.1"]
[White "Londono Castrillon, Neider Farid"]
[Black "Oliveros, Camilo"]
[Result "0-1"]
[WhiteElo "1838"]
[BlackElo "2100"]
[PlyCount "70"]
[EventDate "2018.11.28"]
[EventType "swiss (blitz)"]
[EventRounds "12"]
[EventCountry "COL"]
[SourceTitle "EXT 2024"]
[Source "ChessBase"]
[SourceDate "2023.10.10"]
[SourceVersion "1"]
[SourceVersionDate "2023.10.10"]
[SourceQuality "1"]

1. e4 e5 2. Nf3 Nc6 3. d4 exd4 4. Nxd4 Bc5 5. Be3 Qf6 6. c3 Nge7 7. Bc4 0-0 8. 0-0 Bb6 9. Kh1 d6 10. Na3 Ng6 11. f4 Re8 12. Bd5 Nxd4 13. cxd4 c6 14. e5 Qe7 15. Bb3 dxe5 16. fxe5 Be6 17. Nc4 Bc7 18. Qe2 Bd5 19. Rf2 Rad8 20. Raf1 Rd7 21. Qg4 Be6 22. Qg3 a5 23. Nd2 Qh4 24. Qxh4 Nxh4 25. Bxe6 fxe6 26. g4 Bb6 27. Rf4 Ng6 28. Re4 Red8 29. Nf3 Ne7 30. Ng5 Nd5 31. Nxe6 Re8 32. Nc5 Bxc5 33. dxc5 Nf6 34. Rd4 Rxe5 35. Rxd7 Nxd7 0-1